[Event "5th Kolkata Open"]
[Site "Kolkata IND"]
[Date "2012.12.06"]
[Round "4"]
[White "Sethuraman,S"]
[Black "Debashis,D"]
[Result "1/2-1/2"]
[WhiteTitle "GM"]
[BlackTitle "IM"]
[WhiteElo "2520"]
[BlackElo "2464"]
[WhiteFideId "5021596"]
[BlackFideId "5024854"]
[EventDate "2012.12.03"]

1. d4 g6 2. c4 Bg7 3. Nc3 d6 4. Nf3 Nf6 5. e4 Bg4 6. Be3 O-O 7. h3 Bxf3 8. Qxf3
Nfd7 9. Qd1 Nc6 10. d5 Na5 11. Qd2 f5 12. exf5 gxf5 13. f4 Nb6 14. b3 c6 15. Rc1
cxd5 16. Nxd5 Nd7 17. Be2 Nc6 18. O-O Nc5 19. Bf3 Ne6 20. g3 Ned4 21. Bg2 a5 22.
Kh2 Kh8 23. Rfd1 e5 24. Qf2 Rc8 25. c5 dxc5 26. Rxc5 Qd6 27. Rc4 Ne6 28. Qe2
Rcd8 29. Qh5 exf4 30. gxf4 Qa3 31. Ra4 Qb2 32. Rd2 Qb1 33. Rc4 Qa1 34. Qe2 Bh6
35. Rd1 Qg7 36. Bc1 Qg6 37. Bb2+ Bg7 38. Bf3 Bxb2 39. Qxb2+ Qg7 40. Qxg7+ Kxg7
41. Rg1+ Kh8 42. Re1 Ncd4 43. Bh1 Rf7 44. Rcc1 Rfd7 45. Re5 Rd6 46. Bg2 Kg7 47.
Kg3 Rxd5 48. Bxd5 Rxd5 49. Rxd5 Ne2+ 50. Kf3 Nxc1 51. Rxa5 Nd3 52. Ke3 Ndxf4 53.
Rxf5 Nxh3 54. Rb5 Kf6 55. Rxb7 Nhf4 56. Rxh7 Ke5 57. Kd2 Kd4 58. Rh4 Kc5 59. Kc3
Nd5+ 60. Kb2 Nd4 61. a3 Nc6 62. Rh5 Nd4 63. Rg5 Nc6 64. Rg1 Kb6 65. Rd1 Kc5 66.
Rc1+ Kb6 67. Rc4 Kb5 68. Re4 Kc5 69. Rh4 Nd4 70. Rh3 Nc6 71. Rh1 Kb6 72. Kc2 Kc5
73. Kd3 Kb6 74. Rc1 Kb5 75. Ke4 Nf6+ 76. Kd3 Nd5 77. Rc4 Kb6 78. Ke4 Nc7 79. Ra4
Na6 80. Kd5 Na5 81. Rh4 Nxb3 82. Rh6+ Kb5 83. a4+ Ka5 84. Kc4 1/2-1/2

[Event "5th Kolkata Open"]
[Site "Kolkata IND"]
[Date "2012.12.06"]
[Round "4"]
[White "Iordachescu,V"]
[Black "Laxman,R"]
[Result "1-0"]
[WhiteTitle "GM"]
[BlackTitle "GM"]
[WhiteElo "2619"]
[BlackElo "2456"]
[WhiteFideId "13900200"]
[BlackFideId "5005361"]
[EventDate "2012.12.03"]

1. e4 e5 2. Nf3 Nc6 3. Bb5 a6 4. Ba4 Nf6 5. O-O Be7 6. Re1 b5 7. Bb3 O-O 8. h3
d6 9. c3 Nb8 10. d3 c5 11. Nbd2 Nc6 12. Nf1 Be6 13. Bc2 d5 14. exd5 Qxd5 15. Qe2
Nd7 16. Ng3 Qd6 17. Ne4 Qc7 18. Neg5 Bf5 19. d4 Bxc2 20. Qxc2 g6 21. dxe5 Ndxe5
22. Nxe5 Nxe5 23. Qe4 Bf6 24. Qh4 h5 25. Bf4 Rae8 26. Qg3 Bg7 27. Re3 f6 28.
Bxe5 fxe5 29. Rd1 c4 30. Ne4 Re6 31. h4 Rf4 32. Qh3 Qe7 33. g3 Rf8 34. Ree1 Qf7
35. Qg2 Bh6 36. Nc5 Rf6 37. Ne4 Rf3 38. Rd6 a5 39. Ra6 a4 40. a3 Kg7 41. Rb6 Qd7
42. Rd6 Qf5 1-0

[Event "5th Kolkata Open"]
[Site "Kolkata IND"]
[Date "2012.12.06"]
[Round "4"]
[White "Swapnil,SD"]
[Black "Sandipan,C"]
[Result "1-0"]
[WhiteTitle "IM"]
[BlackTitle "GM"]
[WhiteElo "2438"]
[BlackElo "2613"]
[WhiteFideId "5019184"]
[BlackFideId "5004225"]
[EventDate "2012.12.03"]

1. d4 Nf6 2. c4 e6 3. Nf3 Bb4+ 4. Nbd2 O-O 5. a3 Be7 6. e3 b6 7. Bd3 Bb7 8. O-O
c5 9. b3 cxd4 10. exd4 d5 11. Bb2 Nc6 12. Qe2 Re8 13. Rad1 Bf8 14. Rfe1 g6 15.
Qe3 Bg7 16. Ne5 Ne7 17. c5 bxc5 18. dxc5 Nc6 19. Nxc6 Bxc6 20. Nf3 Ng4 21. Qd2
d4 22. Be4 Bxe4 23. Rxe4 f5 24. Ree1 e5 25. h3 Nh6 26. Nxe5 Rxe5 27. Rxe5 Bxe5
28. Qxh6 f4 29. b4 Qd5 30. Qg5 Qe4 31. Qg4 Re8 32. Qd7 Bf6 33. c6 Rd8 34. Qb7 f3
35. g3 Rf8 36. Rf1 Be5 37. Qd7 h5 38. Qe6+ Kh7 39. c7 Qe2 40. Qe7+ Kg8 41. Qxf8+
Kxf8 42. c8=Q+ Ke7 43. Qc1 1-0

[Event "5th Kolkata Open"]
[Site "Kolkata IND"]
[Date "2012.12.06"]
[Round "4"]
[White "Stany,G"]
[Black "David,Alb"]
[Result "1/2-1/2"]
[WhiteTitle "IM"]
[BlackTitle "GM"]
[WhiteElo "2437"]
[BlackElo "2607"]
[WhiteFideId "5029104"]
[BlackFideId "4000013"]
[EventDate "2012.12.03"]

1. e4 c5 2. Nf3 e6 3. b3 b6 4. Bb2 Bb7 5. Nc3 Nc6 6. g3 Nf6 7. Bg2 Be7 8. O-O d6
9. d4 Nxd4 10. Nxd4 cxd4 11. Qxd4 O-O 12. Rfd1 Rc8 13. Rd2 a6 14. Rad1 Qc7 15.
h3 Rfd8 16. Qe3 h6 17. Kh2 Nd7 18. Ne2 Bg5 19. f4 Be7 20. c4 Nc5 21. e5 Bxg2 22.
Kxg2 dxe5 23. Bxe5 Qc6+ 24. Qf3 Rxd2 25. Rxd2 Qe8 26. Nc3 Rd8 27. Rxd8 Qxd8 28.
Qd1 Nd3 29. Nd5 Nxe5 30. Nxe7+ Qxe7 31. fxe5 Qc5 32. Qd8+ Kh7 33. Qd3+ Kg8 34.
Qd8+ 1/2-1/2

[Event "5th Kolkata Open"]
[Site "Kolkata IND"]
[Date "2012.12.06"]
[Round "4"]
[White "Ghosh,D"]
[Black "Gopal,G"]
[Result "0-1"]
[WhiteTitle "FM"]
[BlackTitle "GM"]
[WhiteElo "2425"]
[BlackElo "2547"]
[WhiteFideId "5045207"]
[BlackFideId "5015693"]
[EventDate "2012.12.03"]

1. c4 e5 2. g3 Nc6 3. Bg2 g6 4. Nc3 Bg7 5. e4 d6 6. Nge2 Nge7 7. d3 O-O 8. O-O
a6 9. h3 Rb8 10. Nd5 b5 11. b3 Be6 12. Bg5 f6 13. Be3 Qd7 14. Kh2 f5 15. Qd2 Kh8
16. Rac1 bxc4 17. bxc4 f4 18. gxf4 Nd4 19. f5 gxf5 20. Nxd4 exd4 21. Bh6 Ng6 22.
Bxg7+ Qxg7 23. exf5 Bxf5 24. f4 Nh4 25. Rg1 c6 26. Bh1 Qh6 27. Qf2 cxd5 28. Bxd5
Ng6 29. Qxd4+ Qg7 30. Qe3 Rfe8 31. Be4 Rb2+ 32. Kh1 Rxa2 33. Rb1 Qc3 0-1

[Event "5th Kolkata Open"]
[Site "Kolkata IND"]
[Date "2012.12.06"]
[Round "4"]
[White "Sengupta,D"]
[Black "Sundararajan,K"]
[Result "1-0"]
[WhiteTitle "GM"]
[BlackTitle "GM"]
[WhiteElo "2540"]
[BlackElo "2434"]
[WhiteFideId "5008352"]
[BlackFideId "5005370"]
[EventDate "2012.12.03"]

1. e4 c6 2. d4 d5 3. e5 Bf5 4. Nd2 e6 5. Nb3 Nd7 6. Be3 Bg6 7. Be2 Ne7 8. f4 Nf5
9. Bf2 a5 10. a4 Bb4+ 11. c3 Be7 12. Nf3 h5 13. O-O Qb6 14. Ra2 h4 15. Nc1 Bh5
16. Nd3 Qc7 17. Qd2 c5 18. Rc1 Bxf3 19. Bxf3 c4 20. Ne1 g5 21. fxg5 Rg8 22. Rb1
Bxg5 23. Qe2 Ra6 24. Bg4 Bf4 25. Bh3 Nf8 26. b3 cxb3 27. Rxb3 Rc6 28. Rab2 b6
29. Qf3 Ng6 30. Bxf5 exf5 31. Qxd5 Bc1 32. Rc2 Nf4 33. Qf3 Nxg2 34. Nxg2 h3 35.
Bg3 1-0

[Event "5th Kolkata Open"]
[Site "Kolkata IND"]
[Date "2012.12.06"]
[Round "4"]
[White "Shyam,SM"]
[Black "Saptarshi,R"]
[Result "1-0"]
[WhiteTitle "IM"]
[BlackTitle "IM"]
[WhiteElo "2484"]
[BlackElo "2402"]
[WhiteFideId "5019141"]
[BlackFideId "5008980"]
[EventDate "2012.12.03"]

1. d4 d5 2. c4 e6 3. Nc3 Nf6 4. cxd5 exd5 5. Bg5 c6 6. Qc2 Be7 7. e3 O-O 8. Bd3
Nbd7 9. Nge2 Re8 10. O-O Nf8 11. Bxf6 Bxf6 12. b4 b6 13. b5 c5 14. dxc5 bxc5 15.
Rad1 Bb7 16. Be4 Bxc3 17. Nxc3 Re5 18. Bxd5 Bxd5 19. e4 Ne6 20. Rxd5 Rxd5 21.
Nxd5 Qd6 22. Qa4 Nc7 23. Rd1 Rb8 24. Nb4 Qf8 25. Nc6 Rxb5 26. g3 Rb8 27. Nxb8
Qxb8 28. Qxa7 1-0

[Event "5th Kolkata Open"]
[Site "Kolkata IND"]
[Date "2012.12.06"]
[Round "4"]
[White "Vishnu,P"]
[Black "Anurag,M"]
[Result "1/2-1/2"]
[WhiteTitle "IM"]
[BlackTitle "FM"]
[WhiteElo "2469"]
[BlackElo "2370"]
[WhiteFideId "5030692"]
[BlackFideId "5024366"]
[EventDate "2012.12.03"]

1. d4 Nf6 2. c4 c6 3. Nc3 d5 4. Nf3 dxc4 5. a4 Bf5 6. e3 e6 7. Bxc4 Bb4 8. O-O
O-O 9. Qe2 Bg6 10. Ne5 Nbd7 11. Nxg6 hxg6 12. Rd1 Qe7 13. e4 e5 14. d5 Rac8 15.
Bg5 Rfd8 16. dxc6 bxc6 17. Na2 Bc5 18. Nc1 Nb6 19. Nb3 Nxc4 20. Qxc4 Bxf2+ 21.
Kf1 Rxd1+ 22. Rxd1 Rd8 23. Rxd8+ Qxd8 24. Ke2 Bg1 25. Qxc6 Qb8 26. Nd2 Qxb2 27.
Qc8+ Kh7 28. Qh3+ Kg8 29. Qc8+ 1/2-1/2

[Event "5th Kolkata Open"]
[Site "Kolkata IND"]
[Date "2012.12.06"]
[Round "4"]
[White "Tiviakov,S"]
[Black "Sahoo,U"]
[Result "1/2-1/2"]
[WhiteTitle "GM"]
[WhiteElo "2663"]
[BlackElo "2254"]
[WhiteFideId "1008013"]
[BlackFideId "5034566"]
[EventDate "2012.12.03"]

1. e4 e5 2. Nf3 Nc6 3. Bb5 a6 4. Ba4 Nf6 5. d3 d6 6. c3 Be7 7. Nbd2 O-O 8. O-O
b5 9. Bc2 Re8 10. Re1 Bf8 11. Nf1 g6 12. Bg5 Bg7 13. Ne3 Qd7 14. Nd2 Nd8 15. Qf3
Nh5 16. Nd5 Ne6 17. Be3 Rb8 18. a4 c6 19. Nb6 Qe7 20. axb5 axb5 21. Nxc8 Rexc8
22. Nb3 Nf6 23. Ra7 Rc7 24. Ra6 Nd7 25. Rea1 Bf6 26. g3 Bg5 27. Ba7 Rbc8 28. h4
Bh6 29. d4 exd4 30. Nxd4 Nec5 31. R6a2 Re8 32. b4 Ne5 33. Qe2 Ne6 34. Bb3 Nxd4
35. cxd4 Nd7 36. Qf3 Bg7 37. e5 dxe5 38. Re1 e4 39. Qf4 Ne5 40. dxe5 Rxa7 41. e6
fxe6 42. Bxe6+ Kh8 43. Rxa7 Qxa7 44. Rxe4 Rf8 45. Qd2 Qa1+ 46. Kg2 Qc3 47. Qxc3
Bxc3 48. Bd7 Rd8 49. Bxc6 Rd4 50. Re8+ Kg7 51. Re7+ Kh8 52. Bxb5 Rxb4 53. Be2
Rb8 54. f4 Bf6 55. Rf7 Bg7 56. Bd3 Rd8 57. Be4 Rf8 58. Rd7 Re8 59. Kf3 Rf8 60.
Ke3 Re8 61. g4 Rf8 62. Rb7 Rd8 63. g5 Bd4+ 64. Kf3 Rf8 65. Re7 Bc3 66. Bd5 Bd2
67. Re4 Kg7 68. Kg4 Bc1 69. Re7+ Kh8 70. Re4 Kg7 71. Rc4 Bd2 72. Be6 Kh8 73. Rd4
Be3 74. Re4 Bc1 75. Kg3 Re8 76. Kf3 Re7 77. Kg4 Re8 78. Rc4 Rxe6 79. Rxc1 Ra6
80. Rc8+ Kg7 81. h5 gxh5+ 82. Kxh5 Ra1 83. Rc7+ Kg8 84. f5 Rg1 85. Kh4 Rg2 86.
Rc8+ Kf7 87. Rc7+ Kg8 88. Rb7 Rg1 89. Rb3 Kg7 90. Ra3 Rg2 91. Rg3 Ra2 92. Kh3
Ra1 93. Re3 Rg1 1/2-1/2

[Event "5th Kolkata Open"]
[Site "Kolkata IND"]
[Date "2012.12.06"]
[Round "4"]
[White "Adly,A"]
[Black "Sagar,S"]
[Result "1-0"]
[WhiteTitle "GM"]
[WhiteElo "2607"]
[BlackElo "2393"]
[WhiteFideId "10601619"]
[BlackFideId "5022509"]
[EventDate "2012.12.03"]

1. Nf3 c5 2. g3 g6 3. Bg2 Bg7 4. O-O Nc6 5. c3 e5 6. e4 Nge7 7. Na3 O-O 8. d4
exd4 9. cxd4 Nxd4 10. Nxd4 cxd4 11. Nb5 Qb6 12. Bg5 Re8 13. a4 a6 14. Na3 d6 15.
Qd2 Be6 16. a5 Qb3 17. Rae1 Bc4 18. Nxc4 Qxc4 19. f4 Nc6 20. f5 Qb4 21. f6 Qxd2
22. Bxd2 Bf8 23. Rf3 Rac8 24. Rb3 Rc7 25. Rc1 Nxa5 26. Rxc7 Nxb3 27. Bf4 Nc5 28.
b4 Ne6 29. Rxb7 Rc8 30. Bh3 d3 31. Bxe6 fxe6 32. Kf2 e5 33. Bg5 Rc4 34. Kf3 d5
35. exd5 e4+ 36. Ke3 Rxb4 37. Rc7 Rb2 38. Rc8 Re2+ 39. Kd4 Kf7 40. Rc7+ Kg8 41.
Rc1 h6 42. Bf4 d2 43. Rd1 Bb4 44. d6 Ba5 45. d7 e3 46. Bxe3 Bb6+ 47. Kc4 Rxe3
48. Rxd2 Bd8 49. Rb2 Bxf6 50. Rb8+ Kf7 51. d8=Q Bxd8 52. Rxd8 Re6 53. Kd5 Re2
54. Rd7+ Re7 55. Rd6 Ra7 56. Kc5 a5 57. Kb6 Ra8 58. Rd4 Ke6 59. h4 h5 60. g4 Ke5
61. Ra4 hxg4 62. Rxg4 Kf5 63. Ra4 Rb8+ 64. Kc6 1-0

[Event "5th Kolkata Open"]
[Site "Kolkata IND"]
[Date "2012.12.06"]
[Round "4"]
[White "Lintchevski,D"]
[Black "Gomes,Mary"]
[Result "1-0"]
[WhiteTitle "GM"]
[BlackTitle "WGM"]
[WhiteElo "2553"]
[BlackElo "2382"]
[WhiteFideId "4171055"]
[BlackFideId "5013623"]
[EventDate "2012.12.03"]

1. e4 c5 2. Nf3 d6 3. d4 cxd4 4. Nxd4 Nf6 5. Nc3 a6 6. Be2 e5 7. Nb3 Be7 8. Bg5
Be6 9. Bxf6 Bxf6 10. Qd3 O-O 11. Rd1 Be7 12. Nd5 Bxd5 13. Qxd5 Qc7 14. c3 Nd7
15. O-O b5 16. Nd2 Rfd8 17. Qb3 Nc5 18. Qc2 Qc6 19. Rfe1 Bg5 20. Nf3 Bf6 21. Rd5
Ne6 22. g3 g6 23. Bf1 Rac8 24. Qd1 Nc7 25. Rd2 Na8 26. Qe2 Nb6 27. Red1 Be7 28.
h4 Rb8 29. Bg2 Qc4 30. Ra1 Qxe2 31. Rxe2 Rdc8 32. Ne1 Na4 33. Nd3 a5 34. Bh3 Rc7
35. a3 Nc5 36. Rd1 Nxd3 37. Rxd3 Rb6 38. Rd5 Kf8 39. Red2 Ke8 40. Bf1 Rc5 41. b4
Rxc3 42. bxa5 Rb8 43. Bxb5+ Kd8 44. a4 Kc7 45. R5d3 Rc5 46. Rd5 Rc1+ 47. Kg2 Ra8
48. a6 Kb6 49. Rxd6+ Bxd6 50. Rxd6+ Ka5 51. Rd5 Kb6 52. a5+ Kc7 53. Rd7+ Kb8 54.
Rb7+ Kc8 55. Rxf7 Kb8 56. Rb7+ Kc8 57. Rxh7 Kb8 58. Rb7+ Kc8 59. Bd7+ Kd8 60. a7 1-0

[Event "5th Kolkata Open"]
[Site "Kolkata IND"]
[Date "2012.12.06"]
[Round "4"]
[White "Akshayraj,K"]
[Black "Sangma,R"]
[Result "1-0"]
[WhiteTitle "IM"]
[BlackTitle "IM"]
[WhiteElo "2459"]
[BlackElo "2351"]
[WhiteFideId "5012414"]
[BlackFideId "5013615"]
[EventDate "2012.12.03"]

1. e4 e5 2. Nf3 Nc6 3. d4 exd4 4. Nxd4 Bc5 5. Nb3 Bb4+ 6. Bd2 Qe7 7. Bd3 Bxd2+
8. Qxd2 Nf6 9. Nc3 d6 10. O-O-O O-O 11. Kb1 a6 12. Rhe1 Be6 13. f4 b5 14. h3 Qd8
15. e5 dxe5 16. fxe5 Nd7 17. Qf4 Ne7 18. Nd4 Qe8 19. Qh4 h6 20. g4 Nc5 21. g5
Nxd3 22. Rxd3 Ng6 23. Qg3 h5 24. Ne4 Rd8 25. Nf6+ gxf6 26. gxf6 Kh7 27. Nxe6
Rxd3 28. Nxf8+ 1-0

[Event "5th Kolkata Open"]
[Site "Kolkata IND"]
[Date "2012.12.06"]
[Round "4"]
[White "Fominyh,A"]
[Black "Soumya,Sw"]
[Result "1-0"]
[WhiteTitle "GM"]
[BlackTitle "WGM"]
[WhiteElo "2455"]
[BlackElo "2268"]
[WhiteFideId "4100590"]
[BlackFideId "5016193"]
[EventDate "2012.12.03"]

1. c4 Nf6 2. Nf3 g6 3. b3 Bg7 4. Bb2 O-O 5. g3 c6 6. Bg2 d5 7. O-O Bg4 8. Ne5
Nfd7 9. Nd3 d4 10. Na3 e5 11. h3 Bf5 12. e4 Be6 13. Qe2 f5 14. exf5 Bxf5 15. Ne1
Na6 16. d3 Re8 17. Nb1 Ndc5 18. Nd2 Qd7 19. g4 Be6 20. Nef3 Nb4 21. Ne1 Bf7 22.
Ne4 Ne6 23. Bc1 a5 24. Bd2 Qd8 25. Nf3 Nf4 26. Bxf4 exf4 27. Qd2 Qc7 28. a3 Na6
29. Nfg5 Rad8 30. Nxf7 Qxf7 31. Bf3 Re5 32. b4 axb4 33. axb4 Bf8 34. Rfb1 Kg7
35. Kg2 Nc7 36. Ra7 Ne6 37. Rba1 Rd7 38. R1a5 Rxa5 39. Rxa5 b6 40. Ra6 Rb7 41.
b5 cxb5 42. cxb5 Qd7 43. Ra8 Ra7 44. Rxa7 Qxa7 45. Qc2 Nc5 46. Qc4 Qd7 47. Nd2
Be7 48. Bd5 Bf6 49. Nf3 Qe7 50. Nxd4 Qe1 51. Nf3 Qe2 52. g5 Bb2 53. Qxf4 Qxf2+
54. Kxf2 Nxd3+ 55. Kg3 Nxf4 56. Kxf4 1-0

[Event "5th Kolkata Open"]
[Site "Kolkata IND"]
[Date "2012.12.06"]
[Round "4"]
[White "Das,Say"]
[Black "Thejkumar,M"]
[Result "1/2-1/2"]
[WhiteTitle "FM"]
[BlackTitle "IM"]
[WhiteElo "2312"]
[BlackElo "2442"]
[WhiteFideId "5034426"]
[BlackFideId "5009154"]
[EventDate "2012.12.03"]

1. e4 c6 2. d4 d5 3. Nc3 dxe4 4. Nxe4 Nd7 5. Nf3 Ngf6 6. Ng3 c5 7. dxc5 e6 8.
Be3 Bxc5 9. Bxc5 Nxc5 10. Qxd8+ Kxd8 11. O-O-O+ Ke7 12. Bc4 Bd7 13. Ne5 Rhd8 14.
Rhe1 g6 15. f4 Be8 16. Rxd8 Rxd8 17. b4 Na4 18. f5 gxf5 19. Nxf5+ Kf8 20. Ng3
Nb6 21. Bb3 Nbd5 22. a3 Kg7 23. Nd3 b6 24. Kb2 Bc6 25. Ne5 Bb7 26. Rf1 Rf8 27.
Ne2 Ne3 28. Rg1 Rd8 29. Nf4 Rd1 30. Rxd1 Nxd1+ 31. Kc1 Ne3 32. g3 Nf1 33. c4 Ne4
34. Nfd3 Nxh2 35. c5 bxc5 36. bxc5 Kf6 37. c6 Bc8 38. c7 Nxg3 39. Nc6 Ne4 40.
Nxa7 Nd6 41. Nc5 Ng4 42. Ne4+ Ke5 43. Nxd6 Kxd6 44. Nxc8+ Kxc7 45. Na7 Kb6 46.
Nc8+ Kc5 47. Kd2 Ne5 48. Ke3 Nc4+ 49. Bxc4 Kxc4 1/2-1/2

[Event "5th Kolkata Open"]
[Site "Kolkata IND"]
[Date "2012.12.06"]
[Round "4"]
[White "Bilguun,Sumiya"]
[Black "Swayams,M"]
[Result "0-1"]
[WhiteTitle "FM"]
[BlackTitle "IM"]
[WhiteElo "2265"]
[BlackElo "2439"]
[WhiteFideId "4901541"]
[BlackFideId "5028183"]
[EventDate "2012.12.03"]

1. e4 e5 2. Nf3 Nc6 3. Bc4 Nf6 4. d3 h6 5. Bb3 g6 6. Nc3 Bg7 7. h3 d6 8. Be3 Bd7
9. Qd2 Na5 10. Ba4 Bxa4 11. Nxa4 c5 12. b4 cxb4 13. Qxb4 O-O 14. c4 Nc6 15. Qd2
Kh7 16. O-O Nd7 17. Nh2 f5 18. f3 b6 19. Nc3 f4 20. Bf2 h5 21. Rab1 Rc8 22. a4
Bf6 23. Nb5 Nc5 24. Rfd1 Qe7 25. Nc3 Bh4 26. Bxc5 dxc5 27. Nd5 Qd6 28. Rb2 Rf7
29. Nf1 Rg8 30. Nh2 g5 31. Rf1 Bg3 32. Qd1 Rfg7 33. a5 Nxa5 34. Kh1 Qe6 35. Rg1
g4 36. fxg4 hxg4 37. Nf1 Qh6 38. Nxg3 fxg3 39. Rf1 gxh3 40. Nf6+ Kh8 41. Rf5 Rg5
42. Qh5 Qxh5 43. Nxh5 Rxf5 44. exf5 Rg5 0-1

[Event "5th Kolkata Open"]
[Site "Kolkata IND"]
[Date "2012.12.06"]
[Round "4"]
[White "Praneeth,S"]
[Black "G.,A"]
[Result "1/2-1/2"]
[BlackTitle "IM"]
[WhiteElo "2246"]
[BlackElo "2404"]
[WhiteFideId "5091411"]
[BlackFideId "5040299"]
[EventDate "2012.12.03"]

1. e4 g6 2. d4 Bg7 3. Nc3 c6 4. f4 d5 5. e5 Qb6 6. Na4 Qc7 7. Be3 Nh6 8. Nf3 f6
9. Qd2 Bg4 10. Be2 Nd7 11. O-O Nf5 12. Ng5 fxg5 13. Bxg4 gxf4 14. Bxf4 e6 15.
Bxf5 gxf5 16. Bh6 Nf8 17. Nc5 O-O-O 18. Rf3 b6 19. Bxg7 Qxg7 20. Nd3 Qe7 21. a4
Ng6 22. a5 b5 23. Nb4 Kd7 24. Nd3 Rdg8 25. Kh1 Nh4 26. Rf2 Rg4 27. Nc5+ Ke8 28.
Rg1 Rhg8 29. Qc3 Ng6 30. Nd3 Kf7 31. g3 Kg7 32. Rfg2 Kh8 33. Nf2 Rg5 34. Qxc6 b4
35. Nh3 Rg4 36. Nf4 Nxf4 37. gxf4 Qf7 38. Qa6 Qg6 39. Qe2 Qh5 40. Qd3 R8g7 41.
Rxg4 fxg4 42. Qg3 Qf5 43. Rg2 Qe4 44. Qh4 Qxf4 45. Rf2 Qe4+ 46. Kg1 Qe1+ 47. Kg2
Qe4+ 48. Kg1 Qe1+ 49. Kg2 Qe4+ 1/2-1/2

[Event "5th Kolkata Open"]
[Site "Kolkata IND"]
[Date "2012.12.07"]
[Round "5"]
[White "Gopal,G"]
[Black "Shyam,SM"]
[Result "1-0"]
[WhiteTitle "GM"]
[BlackTitle "IM"]
[WhiteElo "2547"]
[BlackElo "2484"]
[WhiteFideId "5015693"]
[BlackFideId "5019141"]
[EventDate "2012.12.03"]

1. e4 e5 2. Nf3 Nc6 3. Bb5 f5 4. Nc3 fxe4 5. Nxe4 Nf6 6. Nxf6+ Qxf6 7. Qe2 Be7
8. Bxc6 bxc6 9. Nxe5 Qe6 10. d4 c5 11. Qh5+ g6 12. Qf3 Rb8 13. O-O cxd4 14. Re1
Rf8 15. Qg3 Qf5 16. Bh6 Rf6 17. Bg5 Re6 18. Bxe7 Kxe7 19. Nc6+ dxc6 20. Qxc7+
Bd7 21. Rxe6+ Kxe6 22. Qxb8 Qxc2 23. Re1+ Kd5 24. Qe5+ Kc4 25. b3+ Kd3 26. Re3+ 1-0

[Event "5th Kolkata Open"]
[Site "Kolkata IND"]
[Date "2012.12.07"]
[Round "5"]
[White "Debashis,D"]
[Black "Sengupta,D"]
[Result "1/2-1/2"]
[WhiteTitle "IM"]
[BlackTitle "GM"]
[WhiteElo "2464"]
[BlackElo "2540"]
[WhiteFideId "5024854"]
[BlackFideId "5008352"]
[EventDate "2012.12.03"]

1. d4 d5 2. c4 dxc4 3. Nf3 Nf6 4. e3 a6 5. Bxc4 e6 6. O-O c5 7. dxc5 Bxc5 8.
Qxd8+ Kxd8 9. Ne5 Ke7 10. Be2 Bd7 11. Nd2 Bb5 12. Bxb5 axb5 13. Ndf3 Nc6 14.
Nxc6+ bxc6 15. Bd2 1/2-1/2

[Event "5th Kolkata Open"]
[Site "Kolkata IND"]
[Date "2012.12.07"]
[Round "5"]
[White "Paragua,M"]
[Black "Swapnil,SD"]
[Result "1/2-1/2"]
[WhiteTitle "GM"]
[BlackTitle "IM"]
[WhiteElo "2533"]
[BlackElo "2438"]
[WhiteFideId "5201241"]
[BlackFideId "5019184"]
[EventDate "2012.12.03"]

1. e4 c6 2. c4 d5 3. exd5 cxd5 4. cxd5 Nf6 5. Nc3 Nxd5 6. Nf3 Nc6 7. d4 Bg4 8.
Qb3 Bxf3 9. gxf3 e6 10. Qxb7 Nxd4 11. Bb5+ Nxb5 12. Qc6+ Ke7 13. Qxb5 Nxc3 14.
bxc3 Rb8 15. Qc5+ Ke8 16. Qxa7 Bd6 17. Be3 Qf6 18. Rd1 Qxc3+ 19. Kf1 Qc2 20. Qd4
Rb1 21. Kg2 Qg6+ 22. Qg4 Rxd1 23. Rxd1 Ke7 24. a4 Ra8 25. Ra1 Be5 26. Ra2 Bc7
27. h4 Qxg4+ 28. fxg4 f5 29. Kf3 g6 30. gxf5 gxf5 31. Bg5+ Kd6 32. Bd2 Ba5 33.
Be3 e5 34. Ke2 Rc8 35. Bd2 Ra8 36. Bxa5 Rxa5 37. Kd3 Kc5 38. h5 h6 39. f3 Kd5
40. Ra1 e4+ 41. fxe4+ fxe4+ 42. Ke3 Ke5 43. Ra2 Kf5 44. Kd4 Kf4 45. Rf2+ Kg5 46.
Ra2 Kf4 47. Rf2+ Kg5 48. Ra2 1/2-1/2

[Event "5th Kolkata Open"]
[Site "Kolkata IND"]
[Date "2012.12.07"]
[Round "5"]
[White "Korobov,A"]
[Black "Nolte,R"]
[Result "0-1"]
[WhiteTitle "GM"]
[BlackTitle "IM"]
[WhiteElo "2702"]
[BlackElo "2453"]
[WhiteFideId "14105730"]
[BlackFideId "5200636"]
[EventDate "2012.12.03"]

1. d4 Nf6 2. c4 g6 3. f3 Bg7 4. e4 d6 5. Nc3 Nfd7 6. Nge2 c5 7. d5 Na6 8. Be3
Qa5 9. Qd2 Nc7 10. Nc1 b6 11. Nb3 Bxc3 12. bxc3 Qa4 13. Qb2 Rb8 14. Nd2 Ne5 15.
Qb3 Bd7 16. Be2 f6 17. f4 Nf7 18. O-O O-O 19. Nf3 Qa6 20. Bf2 Ba4 21. Qb2 b5 22.
Qd2 bxc4 23. e5 Rfd8 24. e6 Nh6 25. h3 Kg7 26. g4 Qb7 27. Bxc4 Nxe6 28. Rab1
Qxb1 29. Rxb1 Rxb1+ 30. Kg2 Nc7 31. Qe2 Ng8 32. Bd3 Bd1 33. Qd2 Bxf3+ 34. Kxf3
Rb6 35. c4 Na6 36. Qa5 Rdb8 37. Be1 R8b7 38. a3 Nc7 39. Bc2 Rb2 40. Ba4 Ra2 41.
Qc3 Rb1 42. Bd2 Na8 43. Kg3 Nb6 44. Bc6 Rbb2 45. Bc1 Rc2 46. Qb3 Nxc4 47. Bd7
Na5 48. Qb1 Rc3+ 49. Kh4 Rh2 50. g5 f5 0-1

[Event "5th Kolkata Open"]
[Site "Kolkata IND"]
[Date "2012.12.07"]
[Round "5"]
[White "Narayanan,Sri"]
[Black "Adly,A"]
[Result "0-1"]
[WhiteTitle "IM"]
[BlackTitle "GM"]
[WhiteElo "2439"]
[BlackElo "2607"]
[WhiteFideId "5018420"]
[BlackFideId "10601619"]
[EventDate "2012.12.03"]

1. e4 c6 2. d4 d5 3. Nc3 dxe4 4. Nxe4 Nd7 5. Ng5 Ndf6 6. N1f3 Nh6 7. Ne5 g6 8.
c3 Bg7 9. Bd3 Nd5 10. Qf3 f6 11. Nxh7 fxe5 12. Bxg6+ Kd7 13. Bxh6 Bxh6 14. Qh3+
Kc7 15. Qxh6 exd4 16. c4 Qd6 17. Qg7 Nf4 18. Bf7 Rxh7 19. Qxh7 Qe5+ 20. Kf1 Bf5 0-1

[Event "5th Kolkata Open"]
[Site "Kolkata IND"]
[Date "2012.12.07"]
[Round "5"]
[White "Swayams,M"]
[Black "Lintchevski,D"]
[Result "1/2-1/2"]
[WhiteTitle "IM"]
[BlackTitle "GM"]
[WhiteElo "2439"]
[BlackElo "2553"]
[WhiteFideId "5028183"]
[BlackFideId "4171055"]
[EventDate "2012.12.03"]

1. d4 d5 2. Nf3 Nf6 3. c4 dxc4 4. e3 e6 5. Bxc4 c5 6. O-O a6 7. dxc5 Bxc5 8.
Qxd8+ Kxd8 9. b3 Ke7 10. Bb2 b6 1/2-1/2

[Event "5th Kolkata Open"]
[Site "Kolkata IND"]
[Date "2012.12.07"]
[Round "5"]
[White "Kunte,A"]
[Black "Stany,G"]
[Result "1/2-1/2"]
[WhiteTitle "GM"]
[BlackTitle "IM"]
[WhiteElo "2511"]
[BlackElo "2437"]
[WhiteFideId "5002265"]
[BlackFideId "5029104"]
[EventDate "2012.12.03"]

1. d4 e6 2. c4 b6 3. a3 Nf6 4. Nc3 Bb7 5. Bg5 Be7 6. Nf3 h6 7. Bh4 O-O 8. e3 Ne4
9. Bxe7 Qxe7 10. Rc1 d6 11. Nxe4 Bxe4 12. Bd3 Bxd3 13. Qxd3 Nd7 14. O-O c5 15.
Rfd1 Nf6 16. dxc5 dxc5 17. Ne5 Qc7 18. Qd6 Qxd6 19. Rxd6 Rfd8 20. Rcd1 Rxd6 21.
Rxd6 Kf8 22. Rd3 Rc8 23. f3 Ke8 24. e4 Ng8 25. Kf2 Ne7 26. f4 Nc6 27. Nxc6 Rxc6
28. e5 Rc7 29. Kf3 Rd7 30. Rxd7 Kxd7 31. h4 a6 32. h5 g6 33. Kg4 Ke7 34. Kh4 Kf8
35. g4 Kg7 36. g5 hxg5+ 37. fxg5 gxh5 38. Kxh5 Kh7 39. g6+ fxg6+ 40. Kg5 Kg7 41.
a4 a5 42. b3 Kf7 43. Kh6 g5 1/2-1/2